000 00481nam a2200181Ia 4500
008 100917s9999 xx 000 0 und d
082 _b27382
100 _aमंत्री रमेश
245 _aमहानगर
260 _bके. वि. कोठावळे
_c1976
300 _a261
365 _b20
520 _aकादंबरी
630 _aमहानगर
650 _aकादंबरी
730 _aमहानगर
942 _cBOOK
999 _c632776
_d632773